[Event "Mittelfranken-chTB2b 1516"]
[Site "Mittelfranken"]
[Date "2015.11.22"]
[Round "3.6"]
[White "Zippel, Harald"]
[Black "Babichev, Vyacheslav"]
[Result "1/2-1/2"]
[WhiteElo "1705"]
[BlackElo "1699"]
[PlyCount "81"]
[EventDate "2015.10.18"]
[EventType "team-tourn"]
[EventRounds "9"]
[EventCountry "GER"]
[SourceTitle "EXT 2020"]
[Source "ChessBase"]
[SourceDate "2019.10.17"]
[SourceVersion "1"]
[SourceVersionDate "2019.10.17"]
[SourceQuality "1"]
[WhiteTeam "Nuernberg NT IV"]
[BlackTeam "Nuernberg Sued SW V"]
[WhiteTeamCountry "GER"]
[BlackTeamCountry "GER"]

1. e4 e6 2. d4 d5 3. exd5 exd5 4. Bf4 Nf6 5. Bd3 Bd6 6. Bxd6 Qxd6 7. Nf3 0-0 8. 0-0 Bg4 9. h3 Bh5 10. Nbd2 Nc6 11. c3 Rfe8 12. Qc2 h6 13. Rfe1 a6 14. a4 Ne7 15. Re2 Bg6 16. Rae1 Bxd3 17. Qxd3 Ng6 18. Rxe8+ Rxe8 19. Rxe8+ Nxe8 20. Qe3 Nf6 21. g3 Qd7 22. Kg2 Qxa4 23. Ne1 Qe8 24. Nd3 Qxe3 25. fxe3 Nd7 26. e4 Ne7 27. exd5 Nxd5 28. Kf3 b6 29. Nc4 Kf8 30. Na3 Ne7 31. Nb4 Nb8 32. Ke4 Ke8 33. Nc4 f6 34. Ne3 Kd7 35. Nf5 g6 36. Nxh6 Ke8 37. g4 Kf8 38. h4 Kg7 39. g5 f5+ 40. Ke5 a5 41. Nd5 1/2-1/2

[Event "Mittelfranken-chTB2a 1415"]
[Site "Mittelfranken"]
[Date "2014.09.28"]
[Round "1.6"]
[White "Classen, Anton"]
[Black "Zippel, Harald"]
[Result "1-0"]
[WhiteElo "1820"]
[BlackElo "1705"]
[PlyCount "111"]
[EventDate "2014.09.28"]
[EventType "team-tourn"]
[EventRounds "9"]
[EventCountry "GER"]
[SourceTitle "EXT 2020"]
[Source "ChessBase"]
[SourceDate "2019.10.17"]
[SourceVersion "1"]
[SourceVersionDate "2019.10.17"]
[SourceQuality "1"]
[WhiteTeam "Buechenbach/Roth II"]
[BlackTeam "Nuernberg NT V"]
[WhiteTeamCountry "GER"]
[BlackTeamCountry "GER"]

1. e4 e5 2. Nf3 Nf6 3. Nxe5 d6 4. Nf3 Nxe4 5. Qe2 Qe7 6. d3 Nf6 7. Bg5 Qxe2+ 8. Bxe2 Be7 9. 0-0 0-0 10. Nc3 c6 11. Nd2 h6 12. Bh4 g5 13. Bg3 Bg4 14. Bxg4 Nxg4 15. Rfe1 Ne5 16. Bxe5 dxe5 17. Rxe5 Bd6 18. Re2 Nd7 19. Rae1 Nf6 20. Nce4 Nxe4 21. Nxe4 Be5 22. c3 Rad8 23. d4 Bb8 24. h3 Kg7 25. b4 Rfe8 26. Nc5 Rxe2 27. Rxe2 b6 28. Nb3 Bd6 29. g4 Kf8 30. f3 Bf4 31. Kf2 Rd7 32. Ke1 Rd6 33. Nd2 Bxd2+ 34. Kxd2 f6 35. Kd3 Kf7 36. a4 Rd7 37. c4 Rd8 38. Kc3 Rd7 39. c5 bxc5 40. bxc5 Rb7 41. Rb2 Re7 42. Kc4 Rd7 43. a5 Re7 44. a6 Kg6 45. Rb7 Re3 46. Rxa7 Rxf3 47. Rc7 Rxh3 48. Rxc6 h5 49. gxh5+ Rxh5 50. a7 Rh8 51. Ra6 Ra8 52. Kb5 g4 53. Kb6 g3 54. Ra1 f5 55. Kb7 Rxa7+ 56. Kxa7 1-0

[Event "Mittelfranken-chTB2a 1112"]
[Site "Germany"]
[Date "2012.03.11"]
[Round "8.6"]
[White "Zippel, Harald"]
[Black "Hinzmann, Alexander"]
[Result "1/2-1/2"]
[WhiteElo "1741"]
[BlackElo "1673"]
[PlyCount "53"]
[EventDate "2011.09.25"]
[EventType "team-tourn"]
[EventRounds "9"]
[EventCountry "GER"]
[SourceTitle "EXT 2018"]
[Source "ChessBase"]
[SourceDate "2017.10.13"]
[SourceVersion "1"]
[SourceVersionDate "2017.10.13"]
[SourceQuality "1"]
[WhiteTeam "Nuernberg NT V"]
[BlackTeam "Fuerth SF II"]
[WhiteTeamCountry "GER"]
[BlackTeamCountry "GER"]

1. e4 e5 2. d4 exd4 3. c3 dxc3 4. Nxc3 d6 5. Bc4 Nc6 6. Nf3 Bg4 7. Qb3 Qd7 8. Bxf7+ Qxf7 9. Qxb7 Rb8 10. Qxc6+ Qd7 11. Qxd7+ Kxd7 12. Nd4 Rb4 13. Nc2 Rb7 14. f3 Be6 15. b3 g6 16. Bb2 Bg7 17. 0-0-0 Ne7 18. Kb1 Rhb8 19. Na4 Bxb2 20. Kxb2 Ke8 21. Rhe1 Nc6 22. Nd4 Bd7 23. Nc3 Kf7 24. Nxc6 Bxc6 25. e5 Re8 26. exd6 Rxe1 27. Rxe1 1/2-1/2

[Event "Mittelfranken-chTB2a 1112"]
[Site "Germany"]
[Date "2011.12.11"]
[Round "4.8"]
[White "Seeberger, Christian"]
[Black "Zippel, Harald"]
[Result "0-1"]
[WhiteElo "1598"]
[BlackElo "1791"]
[PlyCount "52"]
[EventDate "2011.09.25"]
[EventType "team-tourn"]
[EventRounds "9"]
[EventCountry "GER"]
[SourceTitle "EXT 2013"]
[Source "ChessBase"]
[SourceDate "2012.11.22"]
[SourceVersion "1"]
[SourceVersionDate "2012.11.22"]
[SourceQuality "1"]
[WhiteTeam "Grossenseebach"]
[BlackTeam "Nuernberg NT V"]
[WhiteTeamCountry "GER"]
[BlackTeamCountry "GER"]

1. e4 c5 2. Nf3 d6 3. d4 cxd4 4. Nxd4 Nf6 5. Nc3 g6 6. Bc4 Bg7 7. Bg5 a6 8. a4 0-0 9. f4 Nbd7 10. Nf3 Qb6 11. Nd5 Nxd5 12. Bxd5 Qxb2 13. Rb1 Qc3+ 14. Qd2 Qc5 15. Ke2 Nb6 16. Bb3 Re8 17. Bh4 Qc6 18. Qb4 Nd7 19. Ng5 e6 20. Rhd1 Nc5 21. Bf2 h6 22. Bd4 hxg5 23. Bxg7 Kxg7 24. fxg5 Qxe4+ 25. Qxe4 Nxe4 26. Ke3 Nc3 0-1

[Event "Mittelfranken-chTB2a 1011"]
[Site "Germany"]
[Date "2011.05.15"]
[Round "9.5"]
[White "Sommer, Dieter"]
[Black "Zippel, Harald"]
[Result "1/2-1/2"]
[WhiteElo "1693"]
[BlackElo "1830"]
[PlyCount "59"]
[EventDate "2010.09.26"]
[EventType "team-tourn"]
[EventRounds "9"]
[EventCountry "GER"]
[SourceTitle "EXT 2012"]
[Source "ChessBase"]
[SourceDate "2011.11.24"]
[SourceVersion "1"]
[SourceVersionDate "2011.11.24"]
[SourceQuality "1"]
[WhiteTeam "Ansbach"]
[BlackTeam "Nuernberg NT V"]
[WhiteTeamCountry "GER"]
[BlackTeamCountry "GER"]

1. Nf3 Nf6 2. d4 g6 3. c4 Bg7 4. Nc3 d6 5. Bf4 0-0 6. e3 Nh5 7. Bg5 h6 8. Bh4 Nf6 9. Be2 Nc6 10. h3 e5 11. d5 Ne7 12. e4 g5 13. Bg3 Ng6 14. Nd2 Ne8 15. Bg4 Nf4 16. Bxf4 exf4 17. Qc2 Nf6 18. Be2 Nd7 19. 0-0-0 a6 20. g3 fxg3 21. fxg3 Ne5 22. g4 Bd7 23. Kb1 b5 24. cxb5 axb5 25. Bxb5 Qb8 26. Bxd7 Nxd7 27. Nb3 Qa7 28. h4 gxh4 29. Rxh4 Rfb8 30. Rh3 1/2-1/2

[Event "Mittelfranken-chTB2a 1011"]
[Site "Germany"]
[Date "2011.04.03"]
[Round "8.7"]
[White "Zippel, Harald"]
[Black "Di Bonaventura, Stefan"]
[Result "0-1"]
[WhiteElo "1830"]
[BlackElo "1637"]
[PlyCount "72"]
[EventDate "2010.09.26"]
[EventType "team-tourn"]
[EventRounds "9"]
[EventCountry "GER"]
[SourceTitle "EXT 2012"]
[Source "ChessBase"]
[SourceDate "2011.11.24"]
[SourceVersion "1"]
[SourceVersionDate "2011.11.24"]
[SourceQuality "1"]
[WhiteTeam "Nuernberg NT V"]
[BlackTeam "Buechenbach/Roth III"]
[WhiteTeamCountry "GER"]
[BlackTeamCountry "GER"]

1. e4 e5 2. d4 exd4 3. c3 dxc3 4. Nxc3 d6 5. Bc4 Nf6 6. Nf3 Nc6 7. 0-0 Be7 8. Qe2 0-0 9. Rd1 Bg4 10. h3 Bxf3 11. Qxf3 Ne5 12. Qe2 c6 13. Bb3 Qc7 14. Be3 b5 15. Rac1 a6 16. f4 Ng6 17. Nd5 Qb7 18. Nxf6+ Bxf6 19. Rxd6 Rac8 20. Qc2 c5 21. Bd5 Qb8 22. Rxa6 Bd4 23. Bxd4 cxd4 24. Rc6 Rxc6 25. Qxc6 Qxf4 26. Re1 Qg3 27. Kf1 Nf4 28. Qc2 Qh2 29. e5 Nxd5 30. Qe4 Ne3+ 31. Kf2 h6 32. Rg1 Re8 33. Qxd4 Nf5 34. Qg4 Qxe5 35. Rd1 Qe3+ 36. Kf1 Ng3+ 0-1

[Event "Mittelfranken-chTB2a 1011"]
[Site "Germany"]
[Date "2010.09.26"]
[Round "1.6"]
[White "Weigel, Herbert"]
[Black "Zippel, Harald"]
[Result "1/2-1/2"]
[WhiteElo "1926"]
[BlackElo "1830"]
[PlyCount "27"]
[EventDate "2010.09.26"]
[EventType "team-tourn"]
[EventRounds "9"]
[EventCountry "GER"]
[SourceTitle "EXT 2012"]
[Source "ChessBase"]
[SourceDate "2011.11.24"]
[SourceVersion "1"]
[SourceVersionDate "2011.11.24"]
[SourceQuality "1"]
[WhiteTeam "Zirndorf II"]
[BlackTeam "Nuernberg NT V"]
[WhiteTeamCountry "GER"]
[BlackTeamCountry "GER"]

1. e4 e5 2. Nf3 Nc6 3. Bb5 f5 4. d3 Nf6 5. exf5 Be7 6. 0-0 d6 7. Re1 0-0 8. Nc3 Bxf5 9. d4 Nxd4 10. Nxd4 exd4 11. Qxd4 c6 12. Bd3 Bxd3 13. Qxd3 d5 14. Bg5 1/2-1/2

[Event "Mittelfranken-chTB2a 0910"]
[Site "Mittelfranken"]
[Date "2010.04.18"]
[Round "9.5"]
[White "Zippel, Harald"]
[Black "Werner, Thomas1111"]
[Result "0-1"]
[WhiteElo "1809"]
[BlackElo "1852"]
[PlyCount "108"]
[EventDate "2009.10.11"]
[EventType "team-tourn"]
[EventRounds "9"]
[EventCountry "GER"]
[SourceTitle "EXT 2011"]
[Source "ChessBase"]
[SourceDate "2010.11.26"]
[SourceVersion "1"]
[SourceVersionDate "2010.11.26"]
[SourceQuality "1"]
[WhiteTeam "Nuernberg NT V"]
[BlackTeam "Nuernberg Sued SW III"]
[WhiteTeamCountry "GER"]
[BlackTeamCountry "GER"]

1. e4 c6 2. d4 d5 3. Nc3 dxe4 4. Nxe4 Bf5 5. Ng3 Bg6 6. Nf3 Nd7 7. Bd3 Bxd3 8. Qxd3 e6 9. 0-0 Ngf6 10. a3 Be7 11. c4 0-0 12. b4 Qc7 13. Bb2 Rfd8 14. Qc3 Rac8 15. Rfe1 Bf8 16. Ne5 b5 17. c5 Nd5 18. Qf3 N7f6 19. Ne4 Nxe4 20. Rxe4 g6 21. h4 Bg7 22. g4 Rf8 23. h5 g5 24. Qb3 f5 25. Ree1 fxg4 26. Nxg4 Qf4 27. Qg3 Qxg3+ 28. fxg3 Rf3 29. Kg2 Rb3 30. Ra2 Rd3 31. Ba1 Nc7 32. Re3 Rxe3 33. Nxe3 Rd8 34. Rd2 Nd5 35. Re2 Kf7 36. Rf2+ Ke7 37. Re2 Nxe3+ 38. Rxe3 Bxd4 39. Bxd4 Rxd4 40. Kf2 g4 41. Ke2 Kf6 42. Kf2 e5 43. Ke2 Kf5 44. Ke1 Re4 45. Ke2 h6 46. Kd2 Rxe3 47. Kxe3 e4 48. Kf2 Ke6 49. Ke2 Kd5 50. Kf2 Kd4 51. Ke2 e3 52. Kd1 Kd3 53. Ke1 Ke4 54. Ke2 a6 0-1

[Event "Mittelfranken-chTB2a 0910"]
[Site "Mittelfranken"]
[Date "2009.10.11"]
[Round "1.7"]
[White "Zippel, Harald"]
[Black "Radeck, Jochen"]
[Result "1-0"]
[WhiteElo "1809"]
[BlackElo "1838"]
[PlyCount "79"]
[EventDate "2009.10.11"]
[EventType "team-tourn"]
[EventRounds "9"]
[EventCountry "GER"]
[SourceTitle "EXT 2011"]
[Source "ChessBase"]
[SourceDate "2010.11.26"]
[SourceVersion "1"]
[SourceVersionDate "2010.11.26"]
[SourceQuality "1"]
[WhiteTeam "Nuernberg NT V"]
[BlackTeam "Forchheim III"]
[WhiteTeamCountry "GER"]
[BlackTeamCountry "GER"]

1. e4 a6 2. d4 b5 3. c4 Bb7 4. d5 bxc4 5. Bxc4 d6 6. Nc3 Nf6 7. Nge2 c5 8. dxc6 Nxc6 9. Qb3 Ne5 10. Qxb7 Nxc4 11. Qc6+ Nd7 12. Qxc4 g6 13. 0-0 Bg7 14. Rb1 0-0 15. Qd3 Ne5 16. Qh3 h5 17. Nd5 e6 18. Ne3 Qa5 19. Nc3 Rfd8 20. Rd1 Rab8 21. Bd2 Qc5 22. Be1 Rb7 23. Na4 Qc6 24. Nc3 Nd7 25. Nc2 Rdb8 26. Nd4 Bxd4 27. Rxd4 Rxb2 28. Rbd1 Nf6 29. Rxd6 Qc5 30. Qd3 R8b4 31. Rd4 Ng4 32. Na4 Rxa4 33. Rxa4 Nxf2 34. Qd4 Nh3+ 35. gxh3 Qg5+ 36. Bg3 Qb5 37. Rc4 Qb7 38. Rc8+ Qxc8 39. Qxb2 Qc5+ 40. Kh1 1-0

[Event "Mittelfranken-ch NT 58th"]
[Site "Postbauer"]
[Date "2009.04.10"]
[Round "6"]
[White "Zwingel, Stephan"]
[Black "Zippel, Harald"]
[Result "1-0"]
[WhiteElo "1964"]
[BlackElo "1802"]
[PlyCount "77"]
[EventDate "2009.04.08"]
[EventType "swiss"]
[EventRounds "7"]
[EventCountry "GER"]
[SourceTitle "EXT 2015"]
[Source "ChessBase"]
[SourceDate "2014.11.20"]
[SourceVersion "1"]
[SourceVersionDate "2014.11.20"]
[SourceQuality "1"]

1. d4 Nf6 2. c4 g6 3. Nc3 Bg7 4. e4 d6 5. Nge2 0-0 6. Ng3 e5 7. d5 Ne8 8. h4 f5 9. Bg5 Bf6 10. Bxf6 Qxf6 11. exf5 Bxf5 12. Qd2 Nd7 13. Nce4 Bxe4 14. Nxe4 Qf4 15. Bd3 Qxd2+ 16. Kxd2 Ndf6 17. Ng5 Ng7 18. f3 Nfh5 19. g4 Nf4 20. Be4 h6 21. Nh3 Nxh3 22. Rxh3 Kf7 23. Rf1 Ne8 24. g5 h5 25. f4 Kg7 26. f5 gxf5 27. Bxf5 c5 28. Rhf3 Nc7 29. Be4 Rxf3 30. Rxf3 Ne8 31. Kc3 Rc8 32. Bc2 Rc7 33. Bd1 Re7 34. Kd2 Kg8 35. Ke3 Ng7 36. Rf6 Rf7 37. Ke4 Rxf6 38. gxf6 Ne8 39. Kf5 1-0

[Event "Mittelfranken-ch NT 58th"]
[Site "Postbauer"]
[Date "2009.04.08"]
[Round "1"]
[White "Zippel, Harald"]
[Black "Hennemann, Herbert"]
[Result "1-0"]
[WhiteElo "1802"]
[BlackElo "1384"]
[PlyCount "41"]
[EventDate "2009.04.08"]
[EventType "swiss"]
[EventRounds "7"]
[EventCountry "GER"]
[SourceTitle "EXT 2015"]
[Source "ChessBase"]
[SourceDate "2014.11.20"]
[SourceVersion "1"]
[SourceVersionDate "2014.11.20"]
[SourceQuality "1"]

1. e4 c5 2. Nf3 e6 3. d4 cxd4 4. c3 dxc3 5. Nxc3 a6 6. Bc4 b5 7. Bb3 Nc6 8. 0-0 Bb7 9. Qe2 Qc7 10. Be3 Rd8 11. Rac1 Qa5 12. Nd5 exd5 13. exd5 Be7 14. d6 Kf8 15. dxe7+ Ngxe7 16. Ng5 Ne5 17. Bc5 d6 18. Bxd6 Rxd6 19. Qxe5 Qb6 20. Nxf7 Bd5 21. Nxd6 1-0

[Event "Mittelfranken-chTB1 0809"]
[Site "Mittelfranken"]
[Date "2009.01.25"]
[Round "5.6"]
[White "Zippel, Harald"]
[Black "Adler, Herbert"]
[Result "1/2-1/2"]
[WhiteElo "1789"]
[BlackElo "1952"]
[PlyCount "51"]
[EventDate "2008.10.12"]
[EventType "team"]
[EventRounds "9"]
[EventCountry "GER"]
[SourceTitle "EXT 2011"]
[Source "ChessBase"]
[SourceDate "2010.11.26"]
[SourceVersion "1"]
[SourceVersionDate "2010.11.26"]
[SourceQuality "1"]
[WhiteTeam "Nuernberg NT IV"]
[BlackTeam "Buechenbach/Roth"]
[WhiteTeamCountry "GER"]
[BlackTeamCountry "GER"]

1. e4 e6 2. d4 d5 3. exd5 exd5 4. Bf4 Bd6 5. Bxd6 Qxd6 6. Bd3 Ne7 7. c3 Bf5 8. Nf3 f6 9. 0-0 0-0 10. Re1 Nbc6 11. Bxf5 Nxf5 12. Qd3 Qd7 13. Nbd2 Rfe8 14. Kf1 Nd6 15. Rxe8+ Rxe8 16. Re1 a5 17. Rxe8+ Qxe8 18. Ne1 a4 19. Qg3 Na5 20. Nd3 Qb5 21. Qe3 Kf7 22. Qe2 Nac4 23. Nxc4 Qxc4 24. Nc5 b5 25. Ke1 Qxe2+ 26. Kxe2 1/2-1/2

[Event "Mittelfrankenliga-B1 0708"]
[Site "Mittelfranken"]
[Date "2008.04.27"]
[Round "9.7"]
[White "Zippel, Harald"]
[Black "Koerber, Thomas"]
[Result "1/2-1/2"]
[WhiteElo "1827"]
[BlackElo "1912"]
[PlyCount "47"]
[EventDate "2007.10.14"]
[EventType "team-tourn"]
[EventRounds "9"]
[EventCountry "GER"]
[SourceTitle "EXT 2011"]
[Source "ChessBase"]
[SourceDate "2010.11.26"]
[SourceVersion "1"]
[SourceVersionDate "2010.11.26"]
[SourceQuality "1"]
[WhiteTeam "Nuernberg NT IV"]
[BlackTeam "Fuerth SF"]
[WhiteTeamCountry "GER"]
[BlackTeamCountry "GER"]

1. e4 c5 2. Nf3 e6 3. d4 cxd4 4. Nxd4 d6 5. Be2 Nf6 6. Nc3 Be7 7. 0-0 0-0 8. Be3 Nc6 9. Nxc6 bxc6 10. f4 e5 11. Bf3 Bb7 12. Rb1 Qc7 13. Qe2 Nd7 14. f5 Nb6 15. Rbd1 Rad8 16. Kh1 a6 17. g4 Rd7 18. b3 Rfd8 19. Qf2 Nc8 20. Qg2 Qa5 21. Bd2 Qc7 22. Be3 Qa5 23. Bd2 Qc7 24. Be3 1/2-1/2

[Event "Mittelfrankenliga-B2a 0607"]
[Site "Mittelfranken"]
[Date "2007.03.25"]
[Round "8.6"]
[White "Zippel, Harald"]
[Black "Klek, Hanna Marie"]
[Result "1/2-1/2"]
[WhiteElo "1824"]
[BlackElo "1980"]
[PlyCount "89"]
[EventDate "2006.10.22"]
[EventType "team-tourn"]
[EventRounds "9"]
[EventCountry "GER"]
[SourceTitle "EXT 2011"]
[Source "ChessBase"]
[SourceDate "2010.11.26"]
[SourceVersion "1"]
[SourceVersionDate "2010.11.26"]
[SourceQuality "1"]
[WhiteTeam "Nuernberg NT IV"]
[BlackTeam "Erlangen SC II"]
[WhiteTeamCountry "GER"]
[BlackTeamCountry "GER"]

1. e4 d5 2. exd5 Qxd5 3. Nc3 Qd6 4. d4 Nf6 5. Bb5+ c6 6. Be2 Bf5 7. Nf3 e6 8. 0-0 Be7 9. a3 Nbd7 10. b4 Nd5 11. Nxd5 cxd5 12. c4 dxc4 13. Bxc4 0-0 14. Bb2 Rac8 15. Bd3 Bg6 16. Bxg6 hxg6 17. Qe2 Nb6 18. Rac1 Bf6 19. Qe4 Qd5 20. Qxd5 Nxd5 21. g3 Nb6 22. Rxc8 Rxc8 23. Rc1 Rxc1+ 24. Bxc1 Nc4 25. Kf1 Kf8 26. Ke2 Ke7 27. Kd3 b5 28. Nd2 Nxd2 29. Bxd2 Kd6 30. Ke4 Be7 31. Bf4+ Kc6 32. Be3 a6 33. f3 Bd8 34. Bd2 Bc7 35. Be3 f5+ 36. Kd3 Kd5 37. f4 Bb6 38. Bf2 Bd8 39. h4 Bb6 40. Be3 Bc7 41. Bf2 Bd8 42. Be3 Bb6 43. Bf2 a5 44. Be3 axb4 45. axb4 1/2-1/2

[Event "Mittelfrankenliga-B2b 0506"]
[Site "Germany"]
[Date "2006.04.30"]
[Round "9.8"]
[White "Zippel, Harald"]
[Black "Riexinger, Martin"]
[Result "0-1"]
[WhiteElo "1811"]
[BlackElo "1620"]
[PlyCount "154"]
[EventDate "2005.10.16"]
[EventType "team"]
[EventRounds "9"]
[EventCountry "GER"]
[SourceTitle "EXT 2007"]
[Source "ChessBase"]
[SourceDate "2006.11.23"]
[SourceVersion "1"]
[SourceVersionDate "2006.11.23"]
[SourceQuality "1"]

1. e4 d6 2. d4 Nf6 3. Nc3 g6 4. f4 Bg7 5. Nf3 0-0 6. Bc4 Nxe4 7. Bxf7+ Rxf7 8. Nxe4 Bf5 9. Ng3 Bg4 10. c3 Nd7 11. 0-0 c6 12. Qb3 Bxf3 13. Rxf3 Qb6 14. Qe6 Nf8 15. Qe2 e5 16. Be3 exd4 17. Bf2 d5 18. Rd1 Qc7 19. Bxd4 Rxf4 20. Bxg7 Kxg7 21. Rxf4 Qxf4 22. Rf1 Qd6 23. Qg4 Qe5 24. Nf5+ Kh8 25. Nd4 Re8 26. Qh4 Kg8 27. Nf3 Qe4 28. Qg3 Qe7 29. Re1 Qc5+ 30. Nd4 Rxe1+ 31. Qxe1 Qd6 32. Qe8 c5 33. Nf3 Qe6 34. Qd8 Qd7 35. Qb8 b6 36. Qf4 Qf5 37. Qc1 Ne6 38. a3 Nf4 39. Qe1 Nd3 40. Qe8+ Qf8 41. Qe6+ Qf7 42. Qe2 Nf4 43. Qe5 Nd3 44. Qe2 Qf5 45. Qe8+ Kg7 46. Qe7+ Qf7 47. Qe2 c4 48. Ng5 Qf6 49. Ne6+ Kf7 50. Nd4 Qe5 51. Qf1+ Qf4 52. Nf3 Kg7 53. g3 Qe3+ 54. Kg2 Nxb2 55. h4 Qxc3 56. Ng5 Qc2+ 57. Kg1 Qd1 58. Ne6+ Kg8 59. Qxd1 Nxd1 60. Kf1 Kf7 61. Nf4 d4 62. Ke1 Nb2 63. Kd2 b5 64. Kc2 Na4 65. Nd5 Nc5 66. Nc7 a6 67. Nd5 Ke6 68. Nf4+ Kf5 69. Kd2 Ne4+ 70. Kc1 Nxg3 71. Ng2 Ke4 72. Kd1 Kd3 73. Nf4+ Kc3 74. Nd5+ Kb3 75. Nc7 c3 76. Nxa6 c2+ 77. Kd2 Kb2 0-1

[Event "Mittelfrankenliga-B2b 0506"]
[Site "Germany"]
[Date "2006.03.19"]
[Round "7.6"]
[White "Zippel, Harald"]
[Black "Heinrichmeier, Roland"]
[Result "1-0"]
[WhiteElo "1790"]
[BlackElo "1715"]
[PlyCount "54"]
[EventDate "2005.10.16"]
[EventType "team"]
[EventRounds "9"]
[EventCountry "GER"]
[SourceTitle "EXT 2007"]
[Source "ChessBase"]
[SourceDate "2006.11.23"]
[SourceVersion "1"]
[SourceVersionDate "2006.11.23"]
[SourceQuality "1"]

1. e4 e5 2. d4 exd4 3. c3 dxc3 4. Nxc3 Nc6 5. Bc4 d6 6. Nf3 Nf6 7. Qb3 Na5 8. Bxf7+ Ke7 9. Qa4 Kxf7 10. Qxa5 h6 11. 0-0 Be7 12. e5 dxe5 13. Nxe5+ Kg8 14. Ng6 Rh7 15. Nxe7+ Qxe7 16. Bf4 b6 17. Qb5 c5 18. Rfe1 Qf7 19. Bd6 Be6 20. Rad1 Re8 21. Ne4 Nxe4 22. Rxe4 Bd7 23. Qe2 g6 24. Re1 Rd8 25. Re7 Qf6 26. Rxh7 Qxd6 27. Re7 Bc6 1-0